Stewardship and missions / (Registro nro. 18652)

Detalles MARC
000 -LEADER
campo de control de longitud fija 01509cam a22003374i 4500
003 - IDENTIFICADOR DE NÚMERO DE CONTROL
campo de control PE-LiUPU
005 - FECHA Y HORA DE LA ÚLTIMA TRANSACCIÓN
campo de control 20250822085635.0
008 - DATOS DE LONGITUD FIJA--INFORMACIÓN GENERAL
campo de control de longitud fija 1908s1908 pau rb 000 0 eng d
020 ## - NÚMERO INTERNACIONAL ESTÁNDAR DEL LIBRO
ISBN cancelado o inválido [Sin ISBN]
035 ## - NÚMERO DE CONTROL DEL SISTEMA
Número de control de sistema PE-LiUPU[XXXX] ❮-- reemplazar con número de adquisición si está disponible
040 ## - FUENTE DE CATALOGACIÓN
Centro catalogador/agencia de origen PE-LiUPU
Lengua de catalogación eng
Centro/agencia transcriptor PE-LiUPU
Normas de descripción rda
082 04 - NÚMERO DE LA CLASIFICACIÓN DECIMAL DEWEY
Número de clasificación 254.8
Cutter C771s
Número de edición 23
100 ## - ENTRADA PRINCIPAL--NOMBRE DE PERSONA
Nombre de persona Cook, Charles A.,
Término indicativo de función/relación autor.
9 (RLIN) 6708
245 10 - MENCIÓN DEL TÍTULO
Título Stewardship and missions /
Mención de responsabilidad, etc. by Charles A. Cook.
264 #1 - PRODUCCIÓN, PUBLICACIÓN, DISTRIBUCIÓN, FABRICACIÓN Y COPYRIGHT
Producción, publicación, distribución, fabricación y copyright Philadelphia :
Nombre del de productor, editor, distribuidor, fabricante The Judson Press,
Fecha de producción, publicación, distribución, fabricación o copyright 1908.
300 ## - DESCRIPCIÓN FÍSICA
Extensión 167 páginas ;
Dimensiones 20 cm
336 ## - TIPO DE CONTENIDO
Término de tipo de contenido text
Fuente rdacontent
337 ## - TIPO DE MEDIO
Nombre/término del tipo de medio unmediated
Fuente rdamedia
338 ## - TIPO DE SOPORTE
Nombre/término del tipo de soporte volume
Fuente rdacarrier
500 ## - NOTA GENERAL
Nota general Publicado en diciembre de 1908.
504 ## - NOTA DE BIBLIOGRAFÍA, ETC.
Nota de bibliografía, etc. No incluye referencias bibliográficas.
505 0# - NOTA DE CONTENIDO CON FORMATO
Nota de contenido con formato The call to study stewardship -- Stewardship defined -- Stewardship in acquisition -- Stewardship in money using -- Stewardship in giving -- Stewardship and tithing -- Stewardship methods in the church -- Stewardship possibilities and rewards.
546 ## - NOTA DE IDIOMA
Nota de lengua/lenguaje Texto en inglés.
650 18 - PUNTO DE ACCESO ADICIONAL DE MATERIA--TÉRMINO DE MATERIA
Término de materia o nombre geográfico como elemento de entrada Mayordomía cristiana
Subdivisión general Aspectos misioneros.
9 (RLIN) 6709
650 18 - PUNTO DE ACCESO ADICIONAL DE MATERIA--TÉRMINO DE MATERIA
Término de materia o nombre geográfico como elemento de entrada Misión de la iglesia
Subdivisión general Finanzas.
9 (RLIN) 6710
650 24 - PUNTO DE ACCESO ADICIONAL DE MATERIA--TÉRMINO DE MATERIA
Término de materia o nombre geográfico como elemento de entrada Diezmos y ofrendas
Subdivisión general Perspectiva cristiana.
9 (RLIN) 6711
710 ## - ENTRADA AGREGADA--NOMBRE DE ENTIDAD CORPORATIVA
Nombre de entidad corporativa o nombre de jurisdicción como elemento de entrada Judson Press,
Término indicativo de función/relación editor.
9 (RLIN) 6712
942 ## - ELEMENTOS DE ENTRADA SECUNDARIOS (KOHA)
Fuente del sistema de clasificación o colocación Clasificación Decimal Dewey
Tipo de ítem Koha Libros físicos
980 ## - EQUIVALENCIA O REFERENCIA-CRUZADA-MENCIÓN DE SERIE--NOMBRE DE PERSONA/TÍTULO [LOCAL, CANADÁ]
ID del último usuario que modificó el registro 18226
Nombre del último usuario que modificó el registro Jaime Vilcazán Jefe de Análisis Documental
Existencias
Visto por última vez Número de inventario Total de préstamos Signatura topográfica completa Código de barras Copia número Fecha de reemplazo Facultad Tipo de ítem Koha Nota pública Estado de pérdida Fuente del sistema de clasificación o colocación Restricciones de uso No para préstamo Colección Programa académico Biblioteca de origen Biblioteca actual Ubicación en estantería Fecha de adquisición Fuente de adquisición
2025-12-03 6   248.6 C771s 10522 e1 2015-04-22   Libros físicos inventario-2023-12-13 No Perdido Clasificación Decimal Dewey No restringido Disponible para préstamos Colección General Teología Biblioteca CRAI UPeU Lima Biblioteca CRAI UPeU Lima Sala principal 2015-04-22 COMPRA